MLB's Most Unbreakable Records - Statistics

General Stats
  • This quiz has been taken 31 times
  • The average score is 8 of 10
Answer Stats
Hint Answer % Correct
762 Home Runs Barry Bonds
100%
2,632 Consecutive Games Played Cal Ripken Jr.
93%
5,714 Strikeouts (Pitcher) Nolan Ryan
93%
1,1406 Stolen Bases Ricky Henderson
93%
4,256 Hits Pete Rose
90%
511 Wins (Pitcher) Cy Young
83%
56 Game Hitting Streak Joe DiMaggio
83%
749 Complete Games Cy Young
60%
2,297 RBIs Hank Aaron
60%
.372 Career Batting Avg Josh Gibson
20%
No matching quizzes found
Score Distribution
Percent of People with Each Score
Percentile by Number Answered
Your Score History
You have not taken this quiz